000 00651nam a2200301Ia 4500
005 20260127113259.0
008 008 260114s9999 xx 000 0 eng d
020 _a9788184005516
037 _aTextbook
040 _aPSDL
040 _beng
040 _cPSDL
041 _2eng
041 _aeng
084 _aV44Q7 Q4
084 _qPSDL
100 _aPaul, T.V.
_91111682
245 4 _aThe Warrior State
245 0 _cPaul, T.V.
260 _aGurgaon
260 _bRandom House India
260 _c2014
300 _a257
942 _cTB
942 _hV44Q7 Q4
999 _c1677859
_d1677859